000 00582nam a2200205Ia 4500
005 20250923145755.0
008 008 250917s9999 xx 000 0 eng d
037 _aTextual
040 _aDSWL
_beng
_cDSWL
041 _aeng
_2eng
084 _aX:77x2, N86;2
_qDSWL
245 0 _aSocial and economic development in India: A Reasessment
_cEd. by D.K.Basu .
260 _aNew Delhi
_bSage
_c1986
300 _a243p.
365 _aINR
_b140.00
700 _a R. Eisson
_9838806
925 _g140.00
942 _cTEXL
_hX:77x2, N86;2
999 _c1455513
_d1455513